[Event "Portugal Open 2018"]
[Site "Lisboa POR"]
[Date "2018.02.04"]
[Round "3.107"]
[White "Dumont, Vincent"]
[Black "Almeida, José António"]
[Result "1-0"]
[WhiteElo "1849"]
[BlackElo "1469"]
[WhiteFideId "206199"]
[BlackFideId "1958143"]
[WhiteCountry "BEL"]
[BlackCountry "POR"]
[PlyCount "47"]
[EventDate "2018.??.??"]

1. e4 c6 2. d4 d5 3. e5 Bf5 4. h4 h6 5. g4 Bd7 6. Bd3 Qa5+ 7. c3 Na6 8. Nh3 c5
9. Nf4 cxd4 10. Bxa6 bxa6 11. Qxd4 e6 12. Be3 Ne7 13. Qd2 Nc6 14. Nd3 Rb8 15. b3
Rxb3 16. axb3 Qxa1 17. O-O Be7 18. f4 Bxh4 19. Nc5 Be7 20. Qd3 Qa5 21. b4 Qb5
22. Qd2 d4 23. Na3 dxe3 24. Qxd7+ 1-0

[Event "Portugal Open 2018"]
[Site "Lisboa POR"]
[Date "2018.02.04"]
[Round "3.108"]
[White "Spínola, Sidney"]
[Black "Capamba, Assis"]
[Result "1-0"]
[WhiteElo "1750"]
[BlackElo "1442"]
[WhiteFideId "1950720"]
[BlackFideId "1952609"]
[WhiteCountry "CPV"]
[BlackCountry "ANG"]
[PlyCount "77"]
[EventDate "2018.??.??"]

1. e4 e5 2. Nf3 Nc6 3. d4 exd4 4. Nxd4 Nxd4 5. Qxd4 c5 6. Qd1 Nf6 7. Nc3 Be7 8.
Be3 O-O 9. e5 Ne8 10. Nd5 Nc7 11. c4 d6 12. Nxe7+ Qxe7 13. Qxd6 Qxd6 14. exd6
Ne6 15. O-O-O Bd7 16. f4 f5 17. Be2 Rae8 18. Bf3 b6 19. Rhe1 g6 20. Bd5 Kg7 21.
Bd2 Nd4 22. Bc3 Rxe1 23. Rxe1 Re8 24. Bxd4+ cxd4 25. Rd1 Re2 26. Rxd4 Rf2 27.
Bf3 Kh6 28. Rd3 g5 29. fxg5+ Kxg5 30. Re3 f4 31. Re7 Bf5 32. d7 Rc2+ 33. Kd1
Rxb2 34. d8=Q Rb1+ 35. Kd2 Rb2+ 36. Ke1 Rb1+ 37. Kf2 Kh6 38. Qf8+ Kg5 39. h4+
1-0

[Event "Portugal Open 2018"]
[Site "Lisboa POR"]
[Date "2018.02.04"]
[Round "3.110"]
[White "Santos, José Duarte"]
[Black "Costa, Raul"]
[Result "1-0"]
[WhiteElo "1744"]
[BlackElo "1363"]
[WhiteFideId "1902318"]
[BlackFideId "1956868"]
[WhiteCountry "POR"]
[BlackCountry "POR"]
[PlyCount "65"]
[EventDate "2018.??.??"]

1. e4 c5 2. Nf3 Nc6 3. d4 cxd4 4. Nxd4 Nf6 5. Nc3 e6 6. Bg5 Be7 7. Qd2 a6 8. Bc4
b5 9. Bb3 Qc7 10. f3 Na5 11. Be3 Nc4 12. Bxc4 Qxc4 13. Nb3 O-O 14. O-O-O a5 15.
Kb1 Bb7 16. g4 Rfd8 17. Bb6 a4 18. Na5 Rxa5 19. Bxa5 Ra8 20. g5 Bc6 21. gxf6
Bxf6 22. Qd6 h6 23. b3 axb3 24. cxb3 Rxa5 25. bxc4 Bxc3 26. Rd3 Bf6 27. e5 bxc4
28. Rc3 Bxe5 29. Qd2 Rb5+ 30. Kc1 Bxc3 31. Qxc3 d5 32. Rg1 f6 33. Qxf6 1-0

[Event "Portugal Open 2018"]
[Site "Lisboa POR"]
[Date "2018.02.04"]
[Round "3.112"]
[White "Vera Cruz, Aguinaldo"]
[Black "Passeiro, Lourenço"]
[Result "0-1"]
[WhiteElo "1729"]
[BlackElo "1362"]
[WhiteFideId "23600250"]
[BlackFideId "1934848"]
[WhiteCountry "CPV"]
[BlackCountry "POR"]
[PlyCount "62"]
[EventDate "2018.??.??"]

1. e4 c5 2. Nf3 e6 3. Bc4 a6 4. d4 cxd4 5. Qxd4 Nc6 6. Qe3 b5 7. Bd3 Nf6 8. c3
Be7 9. O-O O-O 10. e5 Nd5 11. Qe4 g6 12. Bh6 Re8 13. h4 f5 14. exf6 Nxf6 15. Qf4
Nh5 16. Qh2 d5 17. g4 Bd6 18. Qg2 Nf4 19. Bxf4 Bxf4 20. h5 g5 21. Nd4 Ne5 22.
Bc2 Rf8 23. Ne2 Nf3+ 24. Kh1 Nh4 25. Qh3 Bb7 26. Nxf4 d4+ 27. f3 Rxf4 28. Be4
Bxe4 29. fxe4 Rxe4 30. Qd3 Qd5 31. Kh2 Rxg4 0-1

[Event "Portugal Open 2018"]
[Site "Lisboa POR"]
[Date "2018.02.04"]
[Round "3.113"]
[White "Dong, Fábio"]
[Black "Silva, Tiago Alexandre"]
[Result "0-1"]
[WhiteElo "1201"]
[BlackElo "1716"]
[WhiteFideId "1958020"]
[BlackFideId "1935321"]
[WhiteCountry "POR"]
[BlackCountry "POR"]
[PlyCount "64"]
[EventDate "2018.??.??"]

1. Nf3 Nf6 2. d4 d5 3. Bf4 e6 4. e3 c5 5. c3 Nc6 6. Nbd2 Bd6 7. Ne5 Qc7 8. Ndf3
Bd7 9. Nxc6 Bxc6 10. Bxd6 Qxd6 11. Bd3 Rc8 12. Ne5 c4 13. Bc2 b5 14. a3 a5 15.
Qf3 O-O 16. O-O Ne4 17. Bxe4 dxe4 18. Qe2 Bd5 19. f3 f6 20. fxe4 Bxe4 21. Nf3
Bd3 22. Qd2 Bxf1 23. Rxf1 Rcd8 24. e4 Qb6 25. Re1 e5 26. Kh1 Rfe8 27. d5 Re7 28.
Re3 Ra7 29. h3 b4 30. cxb4 axb4 31. Qxb4 Qxe3 32. Qxc4 Qb6 0-1

[Event "Portugal Open 2018"]
[Site "Lisboa POR"]
[Date "2018.02.04"]
[Round "3.114"]
[White "Soares, Pedro Pita"]
[Black "Bártolo, Diogo"]
[Result "1-0"]
[WhiteElo "1713"]
[BlackElo "1297"]
[WhiteFideId "1931725"]
[BlackFideId "1946757"]
[WhiteCountry "POR"]
[BlackCountry "POR"]
[PlyCount "113"]
[EventDate "2018.??.??"]

1. d4 c5 2. dxc5 e6 3. b4 a5 4. c3 axb4 5. cxb4 Qf6 6. Qb3 Qxa1 7. e4 Qf6 8. Bb2
Qd8 9. Bc4 Nc6 10. Nf3 h6 11. O-O b6 12. cxb6 Qxb6 13. a3 Ba6 14. Rd1 Bxc4 15.
Qxc4 Nf6 16. Qd3 Rd8 17. Bd4 Nxd4 18. Nxd4 Ng4 19. Qg3 h5 20. e5 d6 21. Nf3 dxe5
22. Re1 Bd6 23. Qh4 e4 24. Rxe4 Be7 25. Qg3 h4 26. Qxg4 Rd1+ 27. Re1 Rxe1+ 28.
Nxe1 O-O 29. Nd2 f5 30. Qe2 Bg5 31. Nc4 Qb5 32. Qxe6+ Kh7 33. Nd6 Qc6 34. Nf7
Qxe6 35. Nxg5+ Kh8 36. Nxe6 Re8 37. Nf3 Rxe6 38. Kf1 g6 39. Nxh4 Kg7 40. Nf3 Ra6
41. b5 Rxa3 42. Nd4 Rd3 43. Ne6+ Kf6 44. Ke2 Rd5 45. Nc7 Rc5 46. b6 Rc2+ 47. Kd3
Rb2 48. Kc4 Ke7 49. Nb5 Kd7 50. b7 Rxb5 51. Kxb5 Kc7 52. Ka6 Kb8 53. Kb6 g5 54.
Kc6 f4 55. f3 g4 56. fxg4 Ka7 57. Kc7 1-0

[Event "Portugal Open 2018"]
[Site "Lisboa POR"]
[Date "2018.02.04"]
[Round "3.115"]
[White "Alves, Fernando"]
[Black "Costa, Fábio"]
[Result "1-0"]
[WhiteElo "1701"]
[BlackElo "1207"]
[WhiteFideId "1905678"]
[BlackFideId "1961063"]
[WhiteCountry "POR"]
[BlackCountry "POR"]
[PlyCount "119"]
[EventDate "2018.??.??"]

1. e4 c5 2. Nf3 d6 3. d4 cxd4 4. Nxd4 Nf6 5. Nc3 a6 6. Be2 e5 7. Nb3 Be6 8. Bg5
Be7 9. Qd2 O-O 10. Rd1 Nbd7 11. O-O Re8 12. f3 Qc7 13. f4 exf4 14. Bxf4 Ne5 15.
h3 Rad8 16. Nd5 Bxd5 17. exd5 Ne4 18. Qe3 Nc5 19. Nxc5 dxc5 20. Bxe5 Bd6 21.
Bxd6 Qxd6 22. Qf3 Re5 23. Qxf7+ Kh8 24. Qxb7 Rxe2 25. Rde1 Rxe1 26. Rxe1 h6 27.
b3 c4 28. Kh1 cxb3 29. axb3 Qxd5 30. Qxa6 Ra8 31. Qe2 Rf8 32. Rd1 Qc6 33. c4 Ra8
34. Qf3 Qxf3 35. gxf3 Rc8 36. Kg2 g5 37. Kg3 Kg7 38. Rd5 Rc6 39. h4 gxh4+ 40.
Kxh4 Kg6 41. c5 Kf7 42. b4 Ra6 43. Re5 Kf6 44. Re4 Rc6 45. Kg4 Kg6 46. f4 h5+
47. Kf3 Ra6 48. Ke3 h4 49. Kd4 h3 50. f5+ Kxf5 51. Rh4 Ke6 52. Rxh3 Kd7 53. Rh7+
Kc8 54. Kc4 Kb8 55. Rd7 Kc8 56. Rd6 Rxd6 57. cxd6 Kd7 58. Kd5 Kd8 59. Kc6 Kc8
60. d7+ 1-0

[Event "Portugal Open 2018"]
[Site "Lisboa POR"]
[Date "2018.02.04"]
[Round "3.117"]
[White "Guia, Artur"]
[Black "Maissa, Susana"]
[Result "1-0"]
[WhiteElo "1668"]
[BlackElo "1171"]
[WhiteFideId "1946781"]
[BlackFideId "1954202"]
[WhiteCountry "POR"]
[BlackCountry "POR"]
[PlyCount "71"]
[EventDate "2018.??.??"]

1. e4 c5 2. Nf3 Nc6 3. d4 cxd4 4. Nxd4 g6 5. Nc3 Bg7 6. Be3 d6 7. f3 Nf6 8. Bc4
O-O 9. Qd2 Nxd4 10. Bxd4 Re8 11. O-O-O a6 12. Nd5 e5 13. Bb6 Qd7 14. Nc7 Qc6 15.
Qb4 Be6 16. Bxe6 fxe6 17. Nxa8 Rxa8 18. Rxd6 Bf8 19. Rxc6 Bxb4 20. Rc4 Bd6 21.
Rd1 Ne8 22. Rc3 Kf7 23. Rcd3 Ke7 24. Kb1 Rc8 25. a4 Rc4 26. b3 Rc6 27. a5 Nf6
28. Bd8+ Kxd8 29. Rxd6+ Kc7 30. Rxc6+ Kxc6 31. b4 Nd7 32. c4 b6 33. b5+ Kc7 34.
bxa6 bxa5 35. Rxd7+ Kxd7 36. a7 1-0

[Event "Portugal Open 2018"]
[Site "Lisboa POR"]
[Date "2018.02.04"]
[Round "3.118"]
[White "Vedor, Bernardo"]
[Black "Pina, Tiago"]
[Result "1-0"]
[WhiteElo "1662"]
[BlackElo "1154"]
[WhiteFideId "1953540"]
[BlackFideId "1950673"]
[WhiteCountry "POR"]
[BlackCountry "POR"]
[PlyCount "61"]
[EventDate "2018.??.??"]

1. e4 c5 2. Nf3 d6 3. d4 cxd4 4. Qxd4 Nc6 5. Bb5 Bd7 6. Bxc6 Bxc6 7. Nc3 Nf6 8.
Bg5 e6 9. O-O-O h6 10. Bh4 b5 11. Rhe1 g5 12. Bg3 e5 13. Qd3 b4 14. Nd5 Bxd5 15.
exd5 Qa5 16. Bxe5 dxe5 17. Nxe5 Be7 18. Nc6 Qxa2 19. Rxe7+ Kf8 20. Qd4 Kg7 21.
Rd3 g4 22. Rg3 h5 23. h3 Qxd5 24. hxg4 Qxd4 25. Nxd4 Kf8 26. Rb7 Nxg4 27. Rf3
Ne5 28. Rf5 Rd8 29. Ne6+ Ke8 30. Nxd8 Nc4 31. Nxf7 1-0

[Event "Portugal Open 2018"]
[Site "Lisboa POR"]
[Date "2018.02.04"]
[Round "3.119"]
[White "Dong, Rafael"]
[Black "Dias, José"]
[Result "0-1"]
[WhiteElo "1149"]
[BlackElo "1660"]
[WhiteFideId "1958038"]
[BlackFideId "1923943"]
[WhiteCountry "POR"]
[BlackCountry "POR"]
[PlyCount "104"]
[EventDate "2018.??.??"]

1. Nf3 Nf6 2. d4 g6 3. Bf4 Bg7 4. e3 O-O 5. Be2 d6 6. Nbd2 Nbd7 7. O-O b6 8. c3
Bb7 9. Qc2 Rc8 10. e4 c5 11. d5 a6 12. c4 Nh5 13. Be3 Rb8 14. Rad1 Qc7 15. Nb3
Bc8 16. Qd2 Re8 17. Nc1 b5 18. cxb5 axb5 19. Ng5 Nhf6 20. Qc2 h6 21. Nf3 Ng4 22.
Bf4 Nge5 23. Nxe5 Nxe5 24. Nd3 Nxd3 25. Rxd3 g5 26. Bd2 Bd7 27. Bc3 f6 28. Bd4
Rec8 29. Rc1 Qa7 30. Ra3 Qb7 31. Be3 b4 32. Ba6 Qc7 33. Bxc8 bxa3 34. Bxd7 axb2
35. Be6+ Kh7 36. Rb1 Qb6 37. Bd2 f5 38. Bc3 fxe4 39. Bxg7 Kxg7 40. Qc3+ Kg6 41.
Kf1 Qa6+ 42. Ke1 Qxa2 43. Qc2 Rb4 44. f3 Qa3 45. fxe4 Qe3+ 46. Qe2 Qg1+ 47. Qf1
Rxe4+ 48. Kd2 Qd4+ 49. Qd3 Qf2+ 50. Kc3 Qf6+ 51. Kb3 c4+ 52. Ka3 cxd3 0-1

[Event "Portugal Open 2018"]
[Site "Lisboa POR"]
[Date "2018.02.04"]
[Round "4.3"]
[White "Ghamarian, Tigran"]
[Black "Kaczúr, Flórián"]
[Result "1/2-1/2"]
[WhiteElo "2622"]
[BlackElo "2459"]
[WhiteFideId "13301527"]
[BlackFideId "705098"]
[WhiteTitle "GM"]
[BlackTitle "IM"]
[WhiteCountry "FRA"]
[BlackCountry "HUN"]
[PlyCount "67"]
[EventDate "2018.??.??"]

1. e4 e5 2. Nf3 Nc6 3. Bb5 a6 4. Ba4 Nf6 5. O-O Nxe4 6. d4 b5 7. Bb3 d5 8. dxe5
Be6 9. Qe2 Bc5 10. Nbd2 Nxd2 11. Bxd2 O-O 12. Rad1 Bg4 13. Be3 d4 14. Bf4 Qe8
15. Qe4 Be6 16. Ng5 g6 17. Bg3 h6 18. Nxe6 fxe6 19. Bd5 exd5 20. Qxd5+ Rf7 21.
Qxc5 Qe6 22. Qa3 Rd7 23. Rfe1 Ne7 24. Qb3 Qxb3 25. axb3 c5 26. e6 Rd5 27. c4
dxc3 28. bxc3 Rxd1 29. Rxd1 Nf5 30. b4 cxb4 31. cxb4 Re8 32. Be5 g5 33. g3 Rxe6
34. f4 1/2-1/2

[Event "Portugal Open 2018"]
[Site "Lisboa POR"]
[Date "2018.02.04"]
[Round "4.4"]
[White "Indjic, Aleksandar"]
[Black "Venkatesh, M.R."]
[Result "1/2-1/2"]
[WhiteElo "2612"]
[BlackElo "2445"]
[WhiteFideId "911925"]
[BlackFideId "5005779"]
[WhiteTitle "GM"]
[BlackTitle "GM"]
[WhiteCountry "SRB"]
[BlackCountry "IND"]
[PlyCount "126"]
[EventDate "2018.??.??"]

1. d4 Nf6 2. c4 e6 3. Nf3 Bb4+ 4. Nbd2 O-O 5. a3 Be7 6. e4 d5 7. Qc2 c5 8. e5
Nfd7 9. Bd3 h6 10. cxd5 exd5 11. O-O Nc6 12. Re1 Nxd4 13. Nxd4 cxd4 14. Nf3 Qb6
15. b3 a5 16. Bb2 Nc5 17. Nxd4 Be6 18. Rab1 Rac8 19. Qd1 Rfd8 20. Bc2 Ne4 21.
Qe2 Bc5 22. Rbd1 a4 23. b4 Bxd4 24. Bxd4 Qc6 25. Rc1 Qc4 26. Qe3 Qa2 27. Bxa4
Rxc1 28. Rxc1 Rc8 29. Rxc8+ Bxc8 30. Qc1 Bf5 31. Qb2 Qc4 32. f3 Ng5 33. Bb3 Qd3
34. Bxd5 Qd1+ 35. Kf2 Ne6 36. Bxe6 Bxe6 37. h3 b5 38. Qc3 Kh7 39. Qe3 Bd5 40.
Kg3 Qc2 41. h4 Qg6+ 42. Kh2 Qf5 43. Bc3 Qc2 44. Be1 Be6 45. h5 Bd5 46. Kh3 Qf5+
47. Kh4 Qc2 48. Bd2 Qb1 49. g4 Qc2 50. Kg3 Kg8 51. f4 Qd3 52. f5 Qf1 53. Qf2
Qd3+ 54. Qe3 Qf1 55. Be1 Qg2+ 56. Kf4 Qf1+ 57. Bf2 Kh7 58. Qd4 Qg2 59. Ke3 Bf3
60. e6 fxe6 61. fxe6 Bxg4 62. Qd3+ Kh8 63. Qd8+ Kh7 1/2-1/2

[Event "Portugal Open 2018"]
[Site "Lisboa POR"]
[Date "2018.02.04"]
[Round "4.8"]
[White "Gabrielian, Artur"]
[Black "To, Nhat Minh"]
[Result "0-1"]
[WhiteElo "2502"]
[BlackElo "2338"]
[WhiteFideId "4131002"]
[BlackFideId "729019"]
[WhiteTitle "GM"]
[BlackTitle "IM"]
[WhiteCountry "RUS"]
[BlackCountry "HUN"]
[PlyCount "110"]
[EventDate "2018.??.??"]

1. Nf3 c5 2. g3 g6 3. Bg2 Bg7 4. d4 cxd4 5. Nxd4 Nc6 6. Nb3 d6 7. Nc3 Nf6 8. h3
O-O 9. e4 Bd7 10. Nd5 Rc8 11. O-O Ne5 12. Re1 Nc4 13. c3 e6 14. Nxf6+ Qxf6 15.
a4 Rfd8 16. Nd4 e5 17. Nc2 Be6 18. Nb4 Qe7 19. Nd5 Qf8 20. a5 Rc5 21. b4 Rcc8
22. Bg5 f6 23. Bc1 Qf7 24. Bf1 Bxd5 25. exd5 f5 26. Qb3 Qxd5 27. Bg5 Rd7 28. b5
Qf7 29. a6 b6 30. Red1 e4 31. Bf4 Ne5 32. Qa4 Nf3+ 33. Kg2 Be5 34. Bxe5 Nxe5 35.
Qb4 Rc5 36. Be2 d5 37. Qd4 Qf6 38. Ra2 f4 39. Kh2 Rf7 40. Kh1 fxg3 41. fxg3 Qg5
42. Rg1 Nf3 43. Bxf3 Rxf3 44. Rag2 Qf5 45. Kh2 Rc4 46. Qd2 e3 47. Qa2 Rxc3 48.
Rd1 Rc5 49. Rb1 Qe4 50. Rbb2 Rf1 51. Rbc2 Rxc2 52. Qxc2 Qxc2 53. Rxc2 d4 54. Re2
Kf7 55. Kg2 Rf5 0-1

[Event "Portugal Open 2018"]
[Site "Lisboa POR"]
[Date "2018.02.04"]
[Round "4.29"]
[White "Sousa, Ludy"]
[Black "Radovanovic, Mihajlo"]
[Result "0-1"]
[WhiteElo "2165"]
[BlackElo "2422"]
[WhiteFideId "1504134"]
[BlackFideId "940313"]
[WhiteTitle "CM"]
[BlackTitle "IM"]
[WhiteCountry "NOR"]
[BlackCountry "SRB"]
[PlyCount "134"]
[EventDate "2018.??.??"]

1. e4 c5 2. Nf3 d6 3. d4 cxd4 4. Nxd4 Nf6 5. Nc3 a6 6. Bg5 e6 7. f4 h6 8. Bh4
Be7 9. Qf3 Nc6 10. Bf2 Bd7 11. Be2 Qa5 12. Nb3 Qc7 13. g4 g5 14. fxg5 hxg5 15.
Be3 Ne5 16. Qg2 b5 17. a3 Bc6 18. Nd4 Bb7 19. O-O-O Nfd7 20. Nf3 Nxf3 21. Qxf3
Ne5 22. Qf2 Rc8 23. Rd2 Bc6 24. h4 gxh4 25. g5 Ng6 26. Bd3 Rh5 27. Qg1 Qd8 28.
Rg2 Bb7 29. Rg4 Bf8 30. Kb1 Bg7 31. Ne2 Be5 32. Rh3 Bc6 33. Qf2 Bd7 34. Bb6 Qe7
35. Be3 Qf8 36. Bc1 Qe7 37. Ng1 Bg7 38. Be2 Rh8 39. Rg2 Be5 40. Bg4 Rc4 41. Qe2
Bf4 42. Bh5 Bxc1 43. Bxg6 Bxg5 44. Bh5 Bc6 45. Bf3 Qf6 46. Rg4 Qe5 47. Bg2 Bf6
48. c3 Ke7 49. Ka1 Qc5 50. Qe1 a5 51. Bf1 Ra4 52. Qe3 Qxe3 53. Rxe3 b4 54. Ka2
bxc3 55. bxc3 Bd5+ 56. Kb2 Rb8+ 57. Kc1 Ba2 58. Be2 Rxa3 59. Kc2 Rab3 60. Nf3
Rb2+ 61. Kc1 Rb1+ 62. Kc2 R8b2+ 63. Kd3 Rc1 64. e5 Bb1+ 65. Kd4 dxe5+ 66. Nxe5
Rd2+ 67. Bd3 Rxd3+ 0-1

[Event "Portugal Open 2018"]
[Site "Lisboa POR"]
[Date "2018.02.04"]
[Round "4.33"]
[White "Klasan, Vladimir"]
[Black "Martins, Bruno"]
[Result "1-0"]
[WhiteElo "2381"]
[BlackElo "2137"]
[WhiteFideId "934054"]
[BlackFideId "1942255"]
[WhiteTitle "IM"]
[WhiteCountry "SRB"]
[BlackCountry "POR"]
[PlyCount "87"]
[EventDate "2018.??.??"]

1. e4 c5 2. Nf3 Nc6 3. b3 d6 4. Bb5 Bd7 5. O-O e5 6. c3 Nf6 7. Re1 g6 8. d4 Qc7
9. Bb2 Bg7 10. dxc5 dxc5 11. Qc2 O-O 12. Bxc6 Bxc6 13. c4 Rfe8 14. Nc3 a6 15.
Nd5 Bxd5 16. cxd5 b5 17. a4 Nd7 18. Red1 Qd6 19. Ra2 Rec8 20. Rda1 Rab8 21. Nd2
Bh6 22. axb5 axb5 23. Ra7 Nb6 24. Nf3 f6 25. Bc1 Bxc1 26. Qxc1 c4 27. bxc4 Rxc4
28. Qh6 Rc7 29. h4 Na4 30. Rxc7 Qxc7 31. h5 Qg7 32. Qd2 g5 33. Nh2 Qd7 34. Qb4
Rc8 35. Nf1 Rc4 36. Qa5 Rxe4 37. Ne3 Qc8 38. Qxb5 Nc3 39. Qc6 Qxc6 40. dxc6 Nb5
41. Rb1 Nd6 42. Rb8+ Kg7 43. c7 Kf7 44. Rd8 1-0

[Event "Portugal Open 2018"]
[Site "Lisboa POR"]
[Date "2018.02.04"]
[Round "4.34"]
[White "Öztürk, Kubra"]
[Black "Cuevas Fernandez, José Alberto"]
[Result "1/2-1/2"]
[WhiteElo "2353"]
[BlackElo "2128"]
[WhiteFideId "6302599"]
[BlackFideId "2288150"]
[WhiteTitle "WGM"]
[WhiteCountry "TUR"]
[BlackCountry "ESP"]
[PlyCount "60"]
[EventDate "2018.??.??"]

1. d4 Nf6 2. Nf3 e6 3. g3 b6 4. Bg2 Bb7 5. c4 Be7 6. d5 exd5 7. Nh4 Ne4 8. cxd5
Bxh4 9. Bxe4 Bf6 10. Qc2 Qe7 11. O-O Na6 12. Bg2 d6 13. Nc3 Nc5 14. b4 Nd7 15.
Bb2 O-O 16. Rac1 a5 17. a3 axb4 18. axb4 Ba6 19. Rfe1 Bc4 20. Be4 h6 21. Bd3 Ne5
22. Bxc4 Nxc4 23. Ba1 Ne3 24. Qd3 Ng4 25. e4 Qe5 26. Ne2 Qh5 27. h4 Rxa1 28.
Rxa1 Ne5 29. Qe3 Nf3+ 30. Kg2 Nxe1+ 1/2-1/2

[Event "Portugal Open 2018"]
[Site "Lisboa POR"]
[Date "2018.02.04"]
[Round "4.35"]
[White "Cruz, Jorge"]
[Black "Kerigan, Demre"]
[Result "0-1"]
[WhiteElo "2113"]
[BlackElo "2350"]
[WhiteFideId "1903977"]
[BlackFideId "6307841"]
[BlackTitle "IM"]
[WhiteCountry "POR"]
[BlackCountry "TUR"]
[PlyCount "155"]
[EventDate "2018.??.??"]

1. e4 d6 2. d4 Nf6 3. Nc3 g6 4. Be3 a6 5. Qd2 b5 6. Bd3 Bb7 7. Nf3 b4 8. Ne2
Nxe4 9. Qxb4 Qc8 10. d5 Nf6 11. c4 Bg7 12. O-O O-O 13. Rac1 Nbd7 14. Rfe1 Re8
15. h3 c6 16. Nf4 Qb8 17. Qa4 Qd8 18. Qb4 Qb8 19. Qa5 cxd5 20. cxd5 Ne5 21. Be2
h6 22. h4 Rc8 23. Bd4 Nfd7 24. Qd2 Rxc1 25. Rxc1 Qd8 26. Qb4 a5 27. Qxb7 Nxf3+
28. Bxf3 Bxd4 29. b3 Nc5 30. Qb5 Rb8 31. Qe2 Qb6 32. Rc4 Bf6 33. g3 Be5 34. Kg2
Qa6 35. Qc2 Rb4 36. Be2 Qb7 37. Rxb4 Qxb4 38. Qc4 Qd2 39. Bf3 Bxf4 40. Qxf4 Qxf4
41. gxf4 Nd3 42. Be4 Nxf4+ 43. Kf3 Nh5 44. Ke3 Nf6 45. Bf3 Nd7 46. Kd4 Kf8 47.
a3 Ke8 48. Bg4 Nb6 49. f4 Kd8 50. Bh3 Kc7 51. Bg4 Na8 52. Kc4 Kb6 53. Bd7 Nc7
54. Bc6 f6 55. Bd7 g5 56. fxg5 fxg5 57. hxg5 hxg5 58. a4 Na6 59. Bg4 Nc5 60. Bf5
Kc7 61. Bg4 Kb7 62. Bf5 Kb6 63. Bg4 Ne4 64. b4 Nf6 65. Bf3 g4 66. Bg2 Nh5 67.
bxa5+ Kxa5 68. Kd4 Nf4 69. Be4 Kxa4 70. Ke3 Nh5 71. Bg2 Kb4 72. Ke4 Kc5 73. Kf5
g3 74. Bf3 Nf6 75. Ke6 Kd4 76. Kxe7 Ke5 77. Bg2 Nxd5+ 78. Bxd5 0-1

[Event "Portugal Open 2018"]
[Site "Lisboa POR"]
[Date "2018.02.04"]
[Round "4.36"]
[White "Leão, Tiago"]
[Black "Martín Duque, Jesus"]
[Result "1/2-1/2"]
[WhiteElo "2099"]
[BlackElo "2346"]
[WhiteFideId "1925563"]
[BlackFideId "2208954"]
[BlackTitle "FM"]
[WhiteCountry "POR"]
[BlackCountry "ESP"]
[PlyCount "148"]
[EventDate "2018.??.??"]

1. e4 c5 2. Nf3 e6 3. d4 cxd4 4. Nxd4 Nc6 5. Be3 Qc7 6. Be2 Nf6 7. Nc3 Be7 8.
O-O O-O 9. f4 d6 10. Nb3 a6 11. a4 b6 12. Nd2 Rb8 13. Bf3 Re8 14. Bf2 Bf8 15.
Re1 g6 16. Qe2 Nb4 17. e5 dxe5 18. Qxe5 Qxe5 19. fxe5 Nd7 20. Rac1 Bb7 21. Nde4
Be7 22. Bg3 Nd5 23. Nxd5 Bxd5 24. c4 Bxe4 25. Bxe4 Nc5 26. Bc2 a5 27. Rcd1 Red8
28. Kf2 h5 29. Kf3 Kf8 30. Bf2 Ke8 31. Rxd8+ Rxd8 32. Rd1 Rxd1 33. Bxd1 Nd3 34.
Bd4 Bc5 35. Bc3 Nf2 36. Bc2 Ng4 37. h3 Ne3 38. Bb3 Nf5 39. Bc2 Nd4+ 40. Bxd4
Bxd4 41. Kf4 Bxb2 42. Be4 Kd7 43. Bb7 Kc7 44. Ba6 Kd7 45. Bb5+ Ke7 46. Ke4 Kf8
47. Bc6 Kg7 48. Be8 g5 49. Bd7 g4 50. hxg4 hxg4 51. Bc6 Bc1 52. Bd7 Kg6 53. Be8
Bh6 54. Bc6 Kg7 55. Bd7 Kf8 56. Bc6 Ke7 57. Bb5 Bd2 58. Bc6 Be1 59. Bb5 Bg3 60.
Bc6 f5+ 61. exf6+ Kxf6 62. Bd7 Ke7 63. Bb5 Kd6 64. Be8 Kc5 65. Bd7 Kb4 66. Bb5
Kb3 67. Kd3 Bd6 68. Ke4 Kb4 69. Bd7 g3 70. Bb5 Kb3 71. Kd3 Kb4 72. Bd7 Kb3 73.
Bb5 Kb4 74. Bd7 Kb3 1/2-1/2

[Event "Portugal Open 2018"]
[Site "Lisboa POR"]
[Date "2018.02.04"]
[Round "4.37"]
[White "Boricsev, Oleg"]
[Black "Gavrish, Leonid"]
[Result "1-0"]
[WhiteElo "2328"]
[BlackElo "2110"]
[WhiteFideId "720500"]
[BlackFideId "14110040"]
[WhiteTitle "IM"]
[WhiteCountry "HUN"]
[BlackCountry "UKR"]
[PlyCount "35"]
[EventDate "2018.??.??"]

1. e4 c5 2. c3 Nf6 3. e5 Nd5 4. d4 cxd4 5. Nf3 Nc6 6. Bc4 Nb6 7. Bb3 d5 8. exd6
Qxd6 9. O-O Bf5 10. Ng5 e6 11. Qf3 Be7 12. Nxf7 Kxf7 13. Qxf5+ Bf6 14. Re1 Rae8
15. Nd2 Re7 16. Ne4 Kf8 17. Qxf6+ gxf6 18. Nxd6 1-0

[Event "Portugal Open 2018"]
[Site "Lisboa POR"]
[Date "2018.02.04"]
[Round "4.38"]
[White "Martins, André"]
[Black "Veiga, Francisco"]
[Result "0-1"]
[WhiteElo "2068"]
[BlackElo "2320"]
[WhiteFideId "1924281"]
[BlackFideId "1930087"]
[BlackTitle "FM"]
[WhiteCountry "POR"]
[BlackCountry "POR"]
[PlyCount "136"]
[EventDate "2018.??.??"]

1. e4 c5 2. Nc3 Nc6 3. Bb5 Nd4 4. Nf3 Nxb5 5. Nxb5 d6 6. d4 a6 7. Nc3 cxd4 8.
Qxd4 e5 9. Qd3 Nf6 10. Bg5 Be6 11. O-O Rc8 12. Nd5 Bxd5 13. exd5 Be7 14. Bxf6
Bxf6 15. c4 O-O 16. Rac1 Qb6 17. b3 Be7 18. Qe3 Qxe3 19. fxe3 f5 20. Rfe1 Bf6
21. Kf2 Rc7 22. Ke2 Rfc8 23. Rc2 b5 24. Rec1 b4 25. a4 g6 26. Rd1 Rc5 27. Rcd2
Rf8 28. Rf1 Bd8 29. g3 h6 30. Ne1 Bb6 31. Nd3 Rc7 32. a5 Bc5 33. Ra2 Kg7 34. Ra4
Rb8 35. Rd1 g5 36. Rf1 Kg6 37. h3 Rf7 38. Nxc5 dxc5 39. e4 f4 40. gxf4 exf4 41.
Kf3 Kf6 42. Ra2 Ke5 43. Rd2 Rf6 44. Rfd1 Rd6 45. Rg1 Rg8 46. Kg4 Rd7 47. Kf3 h5
48. d6 Rxd6 49. Rxd6 Kxd6 50. h4 g4+ 51. Kxf4 Rf8+ 52. Kg5 Rg8+ 53. Kf6 Rf8+ 54.
Kg5 Ke5 55. Kxh5 Rh8+ 56. Kg6 Rxh4 57. Kg5 Rh8 58. Rxg4 Rg8+ 59. Kh4 Rxg4+ 60.
Kxg4 Kxe4 61. Kg5 Kd3 62. Kf5 Kc3 63. Ke5 Kxb3 64. Kd5 Kc3 65. Kxc5 b3 66. Kd5
b2 67. c5 b1=Q 68. c6 Qb8 0-1

[Event "Portugal Open 2018"]
[Site "Lisboa POR"]
[Date "2018.02.04"]
[Round "4.39"]
[White "Dumont, André"]
[Black "Risting, Eivind Olav"]
[Result "0-1"]
[WhiteElo "2019"]
[BlackElo "2308"]
[WhiteFideId "201910"]
[BlackFideId "1517333"]
[BlackTitle "FM"]
[WhiteCountry "BEL"]
[BlackCountry "NOR"]
[PlyCount "110"]
[EventDate "2018.??.??"]

1. Nf3 Nf6 2. b3 a5 3. a3 g6 4. Bb2 Bg7 5. e3 O-O 6. Be2 d6 7. d4 Nbd7 8. O-O
Qe8 9. Nbd2 e5 10. dxe5 dxe5 11. a4 Qe7 12. e4 Rd8 13. Qe1 Nh5 14. Nc4 b6 15.
Nfd2 Nf4 16. Bf3 Ba6 17. g3 Ne6 18. Be2 Nd4 19. Bxd4 exd4 20. Bd3 Nc5 21. f4 Re8
22. Qf2 Bxc4 23. bxc4 Qd7 24. e5 f6 25. f5 Nxd3 26. cxd3 Rxe5 27. g4 Bh6 28. Qg2
Rf8 29. Ne4 gxf5 30. gxf5+ Kh8 31. Kh1 Rxf5 32. Ng3 Rxf1+ 33. Rxf1 Qg4 34. h3
Qg6 35. Qf3 Be3 36. Nf5 Qe8 37. Qg3 Qc6+ 38. Kh2 Qd7 39. Qf3 Qxa4 40. Re1 Qc2+
41. Re2 Bf4+ 42. Ng3 Bxg3+ 43. Kxg3 Qc1 44. h4 Qg1+ 45. Kh3 Qg7 46. Rg2 Qd7+ 47.
Kh2 Qd6+ 48. Kh1 Re8 49. Rg4 a4 50. Re4 Rxe4 51. Qxe4 a3 52. h5 Qe5 53. Qa8+ Kg7
54. h6+ Kxh6 55. Qxa3 Qe1+ 0-1